Statistiche per Paesi con animali nelle loro bandiere

Clicka qui per fare il quiz!

Statistiche generali

  • Questo quiz è stato fatto 396 volte
    (393 dall'ultimo reset)
  • Il punteggio medio è 12 su 23

Statistiche sulle risposte

Risposta% Corretto
Albania
100%
Bhutan
85%
Kazakistan
76%
Sri Lanka
75%
Montenegro
73%
Papua Nuova Guinea
71%
Uganda
71%
Ecuador
69%
Egitto
67%
Serbia
64%
Zambia
64%
Moldavia
62%
Figi
58%
Messico
58%
Dominica
56%
Zimbabwe
50%
Kiribati
33%
Guatemala
28%
Paraguay
28%
Andorra
22%
Croazia
11%
Perù
11%
Spagna
9%

Distribuzione punteggi

Percentile per numero di risposta

Percentuale di utenti per punteggio

I tuoi punteggi nel tempo

Non hai fatto questo quiz dall'ultimo reset